| 000 | 01105nac a22002291u 4500 | ||
|---|---|---|---|
| 008 | 100901t xxu||||| |||| 00| 0 eng d | ||
| 010 | _a 2002038093 | ||
| 020 | _a007242155X (alk. paper) | ||
| 082 | 0 | 0 |
_a621.815 _bUGU |
| 100 |
_aUgural, A. C. _917761 |
||
| 245 | 1 | 0 |
_aMechanical Design : _bAn Integrated Approach / _cAnsel C. Ugural. |
| 260 |
_aBoston : _bMcGraw-Hill/Higher Education, _cc2004. |
||
| 300 |
_axxii, 810 p. : _bill. (some col.) ; _c24 cm. |
||
| 490 |
_95176 _aMcGraw-Hill series in mechanical engineering |
||
| 504 | _aIncludes bibliographical references and index. | ||
| 650 | 0 |
_aMachine design. _917762 |
|
| 650 | 0 |
_aStructural design. _917763 |
|
| 856 | 4 | 2 |
_3Publisher description _uhttp://www.loc.gov/catdir/enhancements/fy0702/2002038093-d.html |
| 856 | 4 | 2 |
_3Table of contents only _uhttp://www.loc.gov/catdir/enhancements/fy0702/2002038093-t.html |
| 942 |
_cBB _k621.815 UGU _2ddc |
||
| 999 |
_c1921 _d1921 |
||